header

The Pocket Essential Spaghetti Westerns (Record no. 3720)

MARC details
000 -LEADER
fixed length control field 01107nam a2200301Ia 4500
082 04 - DEWEY DECIMAL CLASSIFICATION NUMBER
Classification number 791.436278
100 1# - MAIN ENTRY--AUTHOR NAME
Personal name Hughes, Howard.
245 14 - TITLE STATEMENT
Title The Pocket Essential Spaghetti Westerns
260 ## - PUBLICATION, DISTRIBUTION, ETC. (IMPRINT)
Place of publication Harpenden :
Name of publisher Pocket Essentials,
Year of publication 2001.
300 ## - PHYSICAL DESCRIPTION
Number of Pages 96 p.
490 1# - SERIES STATEMENT
Series statement Pocket essentials
650 #0 - SUBJECT ADDED ENTRY--TOPICAL TERM
Topical Term Western films
856 40 - ELECTRONIC LOCATION AND ACCESS
Uniform Resource Identifier http://site.ebrary.com/lib/rucke/Doc?id=10005855

No items available.

© 2026 Rongo University
Contact us: librarian | system librarian | Rongo university